LIBRARY ONLINE CATALOGUE

Public relations practices : (Record no. 20024)

MARC details
000 -LEADER
fixed length control field 00697cam a22002412 4500
001 - CONTROL NUMBER
control field 0000001826
003 - CONTROL NUMBER IDENTIFIER
control field OSt
005 - DATE AND TIME OF LATEST TRANSACTION
control field 20230306125433.0
008 - FIXED-LENGTH DATA ELEMENTS--GENERAL INFORMATION
fixed length control field 070328s xx 000 0 eng d
020 ## - INTERNATIONAL STANDARD BOOK NUMBER
International Standard Book Number 8120342125
040 ## - CATALOGING SOURCE
Original cataloging agency KABU
Transcribing agency KABU
050 #0 - LIBRARY OF CONGRESS CALL NUMBER
Classification number HD59
Item number .C46 2008
100 1# - MAIN ENTRY--PERSONAL NAME
Personal name Center, Allen H.
245 10 - TITLE STATEMENT
Title Public relations practices :
Remainder of title managerial case studies and problems /
Statement of responsibility, etc. A. H. Center and P. Jackson.
250 ## - EDITION STATEMENT
Edition statement 7th ed.
260 ## - PUBLICATION, DISTRIBUTION, ETC. (IMPRINT)
Place of publication, distribution, etc. New Delhi :
Name of publisher, distributor, etc. Prentice Hall,
Date of publication, distribution, etc. 2008.
300 ## - PHYSICAL DESCRIPTION
Extent xii, 356 p.
650 #0 - SUBJECT ADDED ENTRY--TOPICAL TERM
Topical term or geographic name as entry element Public relations
Topical term following geographic name as entry element Case studies.
700 1# - ADDED ENTRY--PERSONAL NAME
Personal name Jackson, P.
908 ## - PUT COMMAND PARAMETER (RLIN)
Put command parameter 070328
942 ## - ADDED ENTRY ELEMENTS (KOHA)
Source of classification or shelving scheme Library of Congress Classification
Koha item type General Collection
Holdings
Withdrawn status Lost status Source of classification or shelving scheme Not for loan Home library Current library Date acquired Cost, normal purchase price Total Checkouts Total Renewals Full call number Barcode Date last seen Date last checked out Price effective from Koha item type
    Library of Congress Classification   Kabarak, Main Campus Kabarak, Main Campus 06/03/2023 7306.00 1 1 HD59 .C46 2008 c.1 34773 10/11/2025 26/10/2025 06/03/2023 General Collection